Expresión matemática. Programa integrado de números, operaciones, problemas 4, Geometría (5º).
Saved in:
| Main Author: | |
|---|---|
| Other Authors: | |
| Format: | Unknown |
| Language: | Spanish |
| Published: |
Madrid
Santillana
1988
|
| Textbook Catalogue: | MANES: Library Catalog Search Result |
| Textbook Classification: |
|
| Tags: |
Add Tag
No Tags, Be the first to tag this record!
|
| Added to: | 2016-04-26 |
| Changed in: | 2025-05-07 |
MARC
| LEADER | 000000000a22000000004500 | ||
|---|---|---|---|
| 001 | 08392 | ||
| 003 | OSt | ||
| 005 | 20250507133331.0 | ||
| 008 | 160427s sp ||||| |||| 00| 0 spa d | ||
| 040 | |c centro_manes | ||
| 041 | 1 | |a spa | |
| 561 | |5 es-CICE |a España. Centro Internacional de la Cultura Escolar |k MANES | ||
| 691 | 0 | |a PRI | |
| 100 | 1 | |a Cara, J Carlos. Ilustración |9 4626 | |
| 700 | 1 | |a Gil, José. Autor |9 2995 |a Ramos Pérez, Antonio. Dirección |9 3132 |a Roldán, Gloria. Dirección editorial |9 2780 |a Velázquez, Fernando. Diagramación |9 4627 | |
| 245 | 0 | 0 | |a Expresión matemática. Programa integrado de números, operaciones, problemas 4, Geometría (5º). |
| 260 | 3 | |a Madrid |b Santillana |c 1988 | |
| 300 | |a 48 p. |c 29 x 21 cm | ||
| 500 | |a EDAD:1011 | ||
| 690 | 0 | |a MATE | |
| 942 | |2 ddc |c BK | ||
| 546 | |a España | ||
| 999 | |c 14366 |d 14366 | ||
| 999 | |c manes:14366 |d 14366 | ||